000 007600000a22002170004500
003 LK-CoMWRAF
005 20231113115650.0
008 230817t1993 ||||| |||| 00| 0 eng d
020 _a1555873995
040 _aLK-CoMWRAF
_dLK-CoMWRAF
_eLK-CoMWRAF
041 _aeng
082 _a338.9
_bZIM
100 _aZimmerman, Robert F.
245 _aDollars, Diplomacy, and Dependency:
_bDilemmas of U.S. Economic Aid
260 _aBoulder:
_bLynne Rienner Publishers,
_c1993
300 _axiii, 234 p. : ill. ; 24 cm.
_bIndex included
490 _aAn Institute for the Study of Diplomacy Book
650 _aEconomic assistance, American--Developing countries.
650 _aEconomic assistance, American--Government policy--Developing countries.
942 _cBK
999 _c2144
_d2144